000 00465nam a2200181Ia 4500
008 230524s9999 xx 000 0 und d
020 _a9788123923154
082 _bMAH
100 _aK.Mahadevan
_942884
245 0 _aDesign Data Handbook : for Mechanical Engineers
250 _a4
260 _aNew Delhi
_bCBS
_c2015
300 _a"XIII,493p;"
500 _aQuantity Number: 1
650 _aMechanics
700 _a K.Balaveera Reddy
_942885
942 _cBK
999 _c57856
_d57856